[Event "DSOL 2021"]
[Site "Germany"]
[Date "2021.03.02"]
[Round "5.4"]
[White "Lin, Yi"]
[Black "Brkic, Tomislav"]
[Result "1-0"]
[WhiteElo "1677"]
[BlackElo "1779"]
[Annotator "NA RC"]
[PlyCount "133"]
[EventDate "2021.01.18"]
[EventType "team-tourn"]
[EventCountry "GER"]
[SourceTitle "playchess.com"]
[Source "ChessBase"]
[SourceQuality "1"]

1. e4 c6 2. d3 d5 3. Nd2 dxe4 4. dxe4 e5 5. Ngf3 Bg4 6. Be2 Nd7 7. O-O Ngf6 8. h3 Bh5 9. Nh2 Bg6 10. Bf3 Bc5 11. Qe2 O-O 12. Nb3 Qc7 13. Bg5 Bb6 14. Rad1 h6 15. Bh4 a5 16. Ng4 a4 17. Nc1 Nxg4 18. Bxg4 Nc5 19. Bf5 Bxf5 20. exf5 f6 21. Nd3 Nxd3 22. Rxd3 Rad8 23. Rg3 Rd4 24. Rg4 Qd7 25. c3 Rd2 26. Qc4+ Kh7 27. Qb4 Qd8 28. Qxa4 Rxb2 29. Rd1 Rd2 30. Rb1 Rd3 31. Qb3 Bc7 32. Qxb7 Rxc3 33. Qb4 Rc2 34. a4 Ba5 35. Qb3 Rc3 36. Qe6 Rc2 37. Rb7 Bc7 38. Rb1 Qd5 39. Qe7 Rf7 40. Qa3 Ra2 41. Qb3 h5 42. Rc4 Rd2 43. Rxc6 Rd7 44. Qxd5 R2xd5 45. g4 hxg4 46. hxg4 Bd8 47. Kg2 Rd4 48. Bg3 Rxa4 49. g5 fxg5 50. Bxe5 Rf7 51. Rh1+ Rh4 52. Rd1 Ba5 53. Bg3 Rh6 54. Rc5 Bb4 55. Rb5 Bf8 56. f6 gxf6 57. Rb8 f5 58. Be5 Bg7 59. Bxg7 Kxg7 60. Rdd8 Kg6 61. Rg8+ Kh5 62. Rb1 Kg4 63. f3+ Kf4 64. Rb4+ Ke5 65. Rb5+ Kf6 66. Rb6+ Ke7 67. Rxh6 1-0

[Event "DSOL 2021"]
[Site "Germany"]
[Date "2021.03.01"]
[Round "5.4"]
[White "Kirk, Alexander"]
[Black "Schneider, Andreas"]
[Result "1/2-1/2"]
[WhiteElo "1668"]
[BlackElo "2107"]
[Annotator "TA"]
[PlyCount "113"]
[EventDate "2021.01.18"]
[EventType "team-tourn"]
[EventCountry "GER"]
[SourceTitle "playchess.com"]
[Source "ChessBase"]
[SourceQuality "1"]

1. e4 e5 2. Nf3 Nf6 3. Nc3 Bb4 4. Bc4 Nc6 5. d3 d5 6. exd5 Nxd5 7. Bd2 Bxc3 8. bxc3 Bg4 9. O-O O-O 10. h3 Bh5 11. g4 Bg6 12. Qe2 Re8 13. Bg5 f6 14. Be3 Kh8 15. Bxd5 Qxd5 16. c4 Qe6 17. Nh4 Bf7 18. f3 Rad8 19. Rab1 b6 20. Qf2 Ne7 21. Ng2 Bg6 22. f4 exf4 23. Nxf4 Qd7 24. c5 Nd5 25. Nxd5 Qxd5 26. cxb6 axb6 27. a3 Rd7 28. Rfe1 Rde7 29. Bf4 Qd7 30. Rxe7 Rxe7 31. Re1 h6 32. Rxe7 Qxe7 33. Qe3 Qxe3+ 34. Bxe3 Kg8 35. Bf4 c5 36. Bc7 b5 37. Bd6 c4 38. dxc4 bxc4 39. c3 Kf7 40. a4 Be4 41. Kf2 Ke6 42. Bf8 g6 43. Bxh6 f5 44. gxf5+ Bxf5 45. h4 Kd5 46. Ke3 Bc2 47. a5 Kc5 48. Bf8+ Kb5 49. Bb4 Bd3 50. Kd4 Bf5 51. Kd5 Bd3 52. Kd6 Be4 53. Kc7 Bd3 54. Kb7 Be4+ 55. Ka7 Bf5 56. Kb7 Be4+ 57. Kc7 1/2-1/2

[Event "DSOL 2021"]
[Site "Germany"]
[Date "2021.03.05"]
[Round "5.4"]
[White "Horatschek, Martin jr."]
[Black "Petre, Nad-Titus"]
[Result "1-0"]
[WhiteElo "1667"]
[BlackElo "2315"]
[Annotator "TA"]
[PlyCount "49"]
[EventDate "2021.01.18"]
[EventType "team-tourn"]
[EventCountry "GER"]
[SourceTitle "playchess.com"]
[Source "ChessBase"]
[SourceQuality "1"]
[WhiteTeam "fuß brothers Jena I"]
[BlackTeam "Lübecker SV"]

1. e4 e5 2. Bc4 Nf6 3. d4 exd4 4. e5 d5 5. Qxd4 Nc6 6. Bb5 Ne4 7. Nc3 Bc5 8. Qxd5 Bxf2+ 9. Kf1 Qxd5 10. Nxd5 O-O 11. Nf3 Nd4 12. Bd3 Nxf3 13. Bxe4 Nxe5 14. Kxf2 c6 15. Ne7+ Kh8 16. Nxc8 Raxc8 17. h3 f5 18. Bf3 Rcd8 19. Bg5 Rd7 20. Rad1 Rdf7 21. Rhe1 Ng4+ 22. Kg3 Nf6 23. Bxf6 Rxf6 24. Re7 Kg8 25. Rxb7 1-0

[Event "DSOL 2021"]
[Site "Germany"]
[Date "2021.03.01"]
[Round "5.4"]
[White "Wolgin, Konstantin"]
[Black "Faysal, Wasim"]
[Result "1-0"]
[WhiteElo "1666"]
[BlackElo "1736"]
[Annotator "NA RC"]
[PlyCount "97"]
[EventDate "2021.01.18"]
[EventType "team-tourn"]
[EventCountry "GER"]
[SourceTitle "playchess.com"]
[Source "ChessBase"]
[SourceQuality "1"]

1. e4 c5 2. Nf3 Nc6 3. Nc3 g6 4. d4 cxd4 5. Nxd4 Bg7 6. Be3 d6 7. Bc4 Nf6 8. f3 O-O 9. Qd2 Ne5 10. Bb3 Bd7 11. O-O-O a5 12. a3 a4 13. Ba2 Rb8 14. h4 b5 15. h5 Nxh5 16. g4 Bxg4 17. fxg4 Nxg4 18. Rdg1 Nxe3 19. Qxe3 Qb6 20. Rxh5 Bxd4 21. Rxg6+ hxg6 22. Qg3 Kg7 23. Nd5 Qc5 24. Rf5 e6 25. Ne7 exf5 26. Nxf5+ Kf6 27. Qh4+ Ke5 28. Qe7+ Kf4 29. Qh4+ Kf3 30. Qg3+ Kxe4 31. Nxd6+ Qxd6 32. Qxd6 Be3+ 33. Kb1 Rbd8 34. Qe7+ Kf3 35. Bxf7 Rd1+ 36. Ka2 Rfd8 37. Bxg6 R1d2 38. Qe4+ Kf2 39. Qh4+ Kg2 40. Be4+ Kf1 41. Qh3+ Kf2 42. Qf3+ Ke1 43. Qxe3+ Re2 44. Qc3+ Kf2 45. Qf6+ Ke3 46. Qxd8 Kxe4 47. Qd3+ Ke5 48. Qxb5+ Kd4 49. Qxe2 1-0

[Event "DSOL 2021"]
[Site "Germany"]
[Date "2021.03.04"]
[Round "5.4"]
[White "Keymling, Detlev Juergen"]
[Black "Schulze, Lukas"]
[Result "1-0"]
[WhiteElo "1652"]
[BlackElo "1638"]
[Annotator "NA RC"]
[PlyCount "65"]
[EventDate "2021.01.18"]
[EventType "team-tourn"]
[EventCountry "GER"]
[SourceTitle "playchess.com"]
[Source "ChessBase"]
[SourceQuality "1"]

1. c4 Nf6 2. g3 d6 3. Bg2 Nc6 4. Nc3 e5 5. d3 Bf5 6. e4 Be6 7. Nge2 g6 8. Nd5 Bg7 9. Nec3 O-O 10. O-O Qd7 11. Bg5 Qd8 12. h3 Nd4 13. Kh2 c6 14. Nxf6+ Bxf6 15. Bxf6 Qxf6 16. f4 exf4 17. Rxf4 Qe5 18. Qd2 b5 19. cxb5 Nxb5 20. Nxb5 Qxb5 21. b3 Rac8 22. Raf1 Rc7 23. Rf6 d5 24. e5 Bf5 25. R6xf5 gxf5 26. Qg5+ Kh8 27. Qf6+ Kg8 28. Rxf5 Rfc8 29. Rg5+ Kf8 30. e6 Qb8 31. e7+ Ke8 32. Qd6 Rxe7 33. Rg8# 1-0

[Event "DSOL 2021"]
[Site "Germany"]
[Date "2021.03.03"]
[Round "5.4"]
[White "Nguyen, Phuc Nhat"]
[Black "Aufermann, Kevin"]
[Result "1-0"]
[WhiteElo "1639"]
[BlackElo "1460"]
[Annotator "NA RC"]
[PlyCount "63"]
[EventDate "2021.01.18"]
[EventType "team-tourn"]
[EventCountry "GER"]
[SourceTitle "playchess.com"]
[Source "ChessBase"]
[SourceQuality "1"]

1. e4 c5 2. Nf3 e6 3. d4 cxd4 4. Nxd4 Nc6 5. Nb5 a6 6. Nd6+ Bxd6 7. Qxd6 Nge7 8. Qg3 O-O 9. h4 f5 10. Bd3 fxe4 11. Bxe4 d5 12. Bd3 e5 13. O-O Be6 14. Bg5 e4 15. Be2 h6 16. Bxh6 Nf5 17. Qg4 Ncd4 18. Bg5 Ne3 19. Qxe6+ Nxe6 20. Bxd8 Nxc2 21. Be7 Rf7 22. Nc3 Nxa1 23. Nxd5 Nc2 24. Bh5 Rf5 25. Bg4 Re5 26. Bd6 Rxd5 27. Bxe6+ Kh7 28. Bxd5 Rd8 29. Bxe4+ Kh6 30. Bf4+ Kh5 31. Bg5 Rd4 32. Bxc2 1-0

[Event "DSOL 2021"]
[Site "Germany"]
[Date "2021.03.05"]
[Round "5.4"]
[White "Seifert, Heinz"]
[Black "Hoyer, Olaf"]
[Result "1-0"]
[WhiteElo "1638"]
[BlackElo "1826"]
[Annotator "NA RC"]
[PlyCount "187"]
[EventDate "2021.01.18"]
[EventType "team-tourn"]
[EventCountry "GER"]
[SourceTitle "playchess.com"]
[Source "ChessBase"]
[SourceQuality "1"]
[WhiteTeam "SV Lauf I"]
[BlackTeam "SC Braunschweig"]

1. e4 d6 2. d4 Nf6 3. Nc3 e5 4. dxe5 dxe5 5. Qxd8+ Kxd8 6. Bg5 Be6 7. O-O-O+ Nbd7 8. Kb1 Bb4 9. Nd5 Bxd5 10. Rxd5 Kc8 11. Bxf6 gxf6 12. a3 Bc5 13. f3 c6 14. Rd2 Be3 15. Rd3 Bb6 16. Ne2 Kc7 17. Ng3 Nc5 18. Rd1 Rad8 19. Bc4 Ne6 20. Bxe6 fxe6 21. Rd3 Rxd3 22. cxd3 Rg8 23. Rd1 Rg5 24. Rd2 f5 25. Nf1 h5 26. Re2 f4 27. Nd2 Rg8 28. Nc4 Bd4 29. Rc2 h4 30. h3 b6 31. b4 a5 32. b5 cxb5 33. Nxa5+ Bc5 34. Nb3 Kd6 35. Nxc5 bxc5 36. Kb2 Kc6 37. Kb3 Rg7 38. Rd2 Rd7 39. Kc3 Rd4 40. Ra2 Kb6 41. Ra1 Ka5 42. Ra2 Ka4 43. Ra1 Rd7 44. Ra2 Rc7 45. Ra1 Rd7 46. Rb1 Rg7 47. Rb2 Kxa3 48. Rxb5 Ka4 49. Rxc5 Rxg2 50. Rxe5 Rg3 51. Rxe6 Rxf3 52. Kc4 Ka5 53. Rf6 Rxh3 54. Rxf4 Rh1 55. Rf5+ Kb6 56. Kd4 Kc6 57. Rh5 Kd6 58. Ke3 h3 59. Kf3 h2 60. Kg2 Rd1 61. Rd5+ Ke6 62. Kxh2 Rf1 63. Kg2 Rf8 64. Kg3 Rf1 65. Kg4 Rf2 66. Ra5 Rd2 67. Rd5 Rf2 68. d4 Rf1 69. Rf5 Rg1+ 70. Kh5 Re1 71. Re5+ Kf6 72. Kg4 Rg1+ 73. Kf3 Rd1 74. Ke3 Rf1 75. Re8 Kf7 76. Ra8 Re1+ 77. Kd3 Rd1+ 78. Kc4 Rc1+ 79. Kd5 Rc7 80. e5 Rd7+ 81. Ke4 Ke6 82. Ra6+ Ke7 83. d5 Rb7 84. Ra3 Rb4+ 85. Kf5 Rd4 86. d6+ Kd7 87. Ra7+ Kd8 88. Ke6 Kc8 89. Rh7 Rd1 90. Ke7 Rd5 91. e6 Rd1 92. d7+ Kc7 93. Ke8 Rd6 94. d8=Q+ 1-0

[Event "DSOL 2021"]
[Site "Germany"]
[Date "2021.03.01"]
[Round "5.4"]
[White "Alarand, Beshr"]
[Black "Hellrung, Bernhard"]
[Result "1-0"]
[WhiteElo "1620"]
[BlackElo "1927"]
[Annotator "TA"]
[PlyCount "109"]
[EventDate "2021.01.18"]
[EventType "team-tourn"]
[EventCountry "GER"]
[SourceTitle "playchess.com"]
[Source "ChessBase"]
[SourceQuality "1"]

1. e4 d6 2. d4 Nf6 3. Bd3 Nbd7 4. Nf3 e5 5. c3 Be7 6. O-O O-O 7. a4 c6 8. Re1 Qc7 9. Nbd2 a5 10. Nc4 Re8 11. Bg5 Bf8 12. Qc2 g6 13. Rad1 Bg7 14. h3 b5 15. axb5 cxb5 16. Na3 b4 17. Nb5 Qb8 18. Ra1 Rf8 19. cxb4 axb4 20. Rxa8 Qxa8 21. Nxd6 exd4 22. e5 Nd5 23. Be4 Nxe5 24. Be7 d3 25. Qc5 Nxf3+ 26. Bxf3 d2 27. Rd1 Be6 28. Bxf8 Bxf8 29. Rxd2 Qb8 30. Bxd5 Bxd6 31. Qc4 Bxd5 32. Qxd5 Bf8 33. Rc2 Qe8 34. g3 h5 35. h4 Qe7 36. Kg2 Qd6 37. Qxd6 Bxd6 38. Rd2 Be7 39. f4 Kg7 40. Kf3 Kf6 41. Ke4 Ke6 42. f5+ gxf5+ 43. Kf4 Bd6+ 44. Rxd6+ Kxd6 45. Kxf5 Kd5 46. Kg5 Kc4 47. Kxh5 Kb3 48. Kg5 Kxb2 49. h5 b3 50. h6 Kc2 51. h7 b2 52. h8=Q b1=Q 53. Qh7+ Kb2 54. Qxb1+ Kxb1 55. Kf6 1-0

[Event "DSOL 2021"]
[Site "Germany"]
[Date "2021.03.02"]
[Round "5.4"]
[White "Ankerst, Milka"]
[Black "Hirschberg, Markus"]
[Result "0-1"]
[WhiteElo "1620"]
[BlackElo "1837"]
[Annotator "NA RC"]
[PlyCount "66"]
[EventDate "2021.01.18"]
[EventType "team-tourn"]
[EventCountry "GER"]
[SourceTitle "playchess.com"]
[Source "ChessBase"]
[SourceQuality "1"]

1. e4 e6 2. d4 d5 3. Nc3 Bb4 4. e5 c5 5. a3 Bxc3+ 6. bxc3 Ne7 7. f4 Qc7 8. Nf3 Bd7 9. Bd3 Ba4 10. O-O Nd7 11. Be3 Rc8 12. Ng5 cxd4 13. cxd4 Bxc2 14. Bxc2 Qxc2 15. Qh5 Qg6 16. Qf3 h6 17. Nh3 Qe4 18. Qg3 Rc3 19. Rf3 Nf5 20. Qf2 Rxe3 21. Rxe3 Qxe3 22. Qxe3 Nxe3 23. Rc1 Nc4 24. a4 Ke7 25. Kf2 Rc8 26. Ke2 Rc6 27. Nf2 Rb6 28. Nd3 Rb3 29. Rc2 b6 30. h3 Nb8 31. Ne1 Nc6 32. Nf3 Nb4 33. Rc1 Rb2+ 0-1

[Event "DSOL 2021"]
[Site "Germany"]
[Date "2021.03.01"]
[Round "5.4"]
[White "Brand, Danny"]
[Black "Gehringer, Frank"]
[Result "1/2-1/2"]
[WhiteElo "1620"]
[BlackElo "2002"]
[Annotator "TA"]
[PlyCount "100"]
[EventDate "2021.01.18"]
[EventType "team-tourn"]
[EventCountry "GER"]
[SourceTitle "playchess.com"]
[Source "ChessBase"]
[SourceQuality "1"]

1. e4 e5 2. Bc4 Nf6 3. d3 c6 4. Nf3 d5 5. exd5 cxd5 6. Bb5+ Bd7 7. Bxd7+ Nbxd7 8. Bg5 Bb4+ 9. c3 Bd6 10. O-O O-O 11. Nbd2 Qb6 12. Qb3 Qc6 13. Rac1 Rac8 14. Bxf6 Nxf6 15. c4 Bb8 16. cxd5 Qxd5 17. Qxd5 Nxd5 18. d4 exd4 19. Nxd4 Be5 20. N2f3 Bf4 21. Rxc8 Rxc8 22. Rd1 Rc1 23. Rxc1 Bxc1 24. b3 Kf8 25. Kf1 g6 26. g3 Ke7 27. a4 a6 28. Ke2 f6 29. Kd3 Kd6 30. Nd2 Nb4+ 31. Kc3 Nd5+ 32. Kc2 Bxd2 33. Kxd2 Nc7 34. Kd3 Kd5 35. f3 b5 36. axb5 Nxb5 37. Nxb5 axb5 38. h4 h6 39. g4 g5 40. hxg5 hxg5 41. b4 Ke5 42. Ke3 f5 43. gxf5 Kxf5 44. Kf2 Kf4 45. Ke2 Kf5 46. Ke3 Ke5 47. Kd3 Kd5 48. Kc3 Ke5 49. Kd3 Kf4 50. Ke2 Ke5 1/2-1/2

[Event "DSOL 2021"]
[Site "Germany"]
[Date "2021.03.05"]
[Round "5.4"]
[White "Caesar"]
[Black "Speck, Stefan"]
[Result "1/2-1/2"]
[WhiteElo "1620"]
[BlackElo "1489"]
[Annotator "NA RC"]
[PlyCount "76"]
[EventDate "2021.01.18"]
[EventType "team-tourn"]
[EventCountry "GER"]
[SourceTitle "playchess.com"]
[Source "ChessBase"]
[SourceQuality "1"]
[WhiteTeam "Königsspringer Hamburg"]
[BlackTeam "SG Solingen I"]

1. Nf3 Nf6 2. d4 e6 3. e3 b6 4. Bd3 Bb7 5. O-O g6 6. c4 Bg7 7. Nc3 O-O 8. Bd2 d6 9. Qe2 Nbd7 10. Rfd1 a6 11. Be1 Qe7 12. Rac1 e5 13. dxe5 dxe5 14. e4 c6 15. a3 Nh5 16. g3 Nc5 17. Bc2 Rad8 18. Na4 Nxa4 19. Bxa4 c5 20. b4 Rxd1 21. Rxd1 Rd8 22. bxc5 Rxd1 23. Qxd1 bxc5 24. Qb1 f5 25. Bc2 Nf6 26. Nd2 Qd7 27. Nb3 Nxe4 28. Na5 Bc6 29. Qb8+ Kf7 30. Qb6 Ba4 31. Bxa4 Qxa4 32. Nc6 Qd1 33. Qc7+ Kg8 34. Qc8+ Kf7 35. Qc7+ Kg8 36. Qc8+ Kf7 37. Nd8+ Ke7 38. Nc6+ Kf7 1/2-1/2

[Event "DSOL 2021"]
[Site "Germany"]
[Date "2021.03.01"]
[Round "5.4"]
[White "Grkinic, Domjan"]
[Black "Mueller, Peter"]
[Result "1-0"]
[WhiteElo "1620"]
[BlackElo "2052"]
[Annotator "TA"]
[PlyCount "111"]
[EventDate "2021.01.18"]
[EventType "team-tourn"]
[EventCountry "GER"]
[SourceTitle "playchess.com"]
[Source "ChessBase"]
[SourceQuality "1"]

1. e4 e5 2. Nf3 Nc6 3. Bb5 a6 4. Ba4 Nge7 5. Nc3 g6 6. d4 exd4 7. Nxd4 Bg7 8. Nxc6 bxc6 9. Be3 O-O 10. Qd2 Rb8 11. O-O-O d5 12. Bc5 Re8 13. h4 h5 14. f3 Be6 15. Rhg1 Qd7 16. b3 Red8 17. Ne2 Bf8 18. Qc3 Bg7 19. Qe3 Qe8 20. Nd4 Bd7 21. Rge1 Nc8 22. exd5 Qxe3+ 23. Rxe3 Bh6 24. Nxc6 Bxc6 25. Bxc6 Nd6 26. Kb1 Bxe3 27. Bxe3 f6 28. g3 Kf7 29. Ba7 Rbc8 30. c4 g5 31. c5 Nb5 32. Bxb5 axb5 33. c6 Re8 34. d6 cxd6 35. Rxd6 Re6 36. Rd7+ Re7 37. Bc5 Rxd7 38. cxd7 Rd8 39. a4 bxa4 40. bxa4 Rxd7 41. a5 Rd5 42. Bb6 gxh4 43. gxh4 Ke6 44. Kc2 Kf5 45. a6 Rd6 46. a7 Rc6+ 47. Kd3 Rc8 48. Bc7 Ra8 49. Bb8 Ke6 50. Ke4 Kf7 51. Kf5 Kg7 52. Ke6 Kg6 53. f4 Kg7 54. f5 Kh6 55. Kxf6 Kh7 56. Ke7 1-0

[Event "DSOL 2021"]
[Site "Germany"]
[Date "2021.03.05"]
[Round "5.4"]
[White "Schult, Ronald"]
[Black "Tafel, Raphael"]
[Result "1-0"]
[WhiteElo "1620"]
[BlackElo "1620"]
[Annotator "NA RC"]
[PlyCount "41"]
[EventDate "2021.01.18"]
[EventType "team-tourn"]
[EventCountry "GER"]
[SourceTitle "playchess.com"]
[Source "ChessBase"]
[SourceQuality "1"]
[WhiteTeam "SG Weißensee I"]
[BlackTeam "SK Johanneum Eppendorf III"]

1. e4 e6 2. d4 d5 3. Bd3 Nf6 4. e5 Nfd7 5. f4 c5 6. c3 Nc6 7. Nf3 cxd4 8. cxd4 Bb4+ 9. Nc3 a6 10. Be3 O-O 11. Bxh7+ Kxh7 12. Ng5+ Kg6 13. Qd3+ f5 14. g4 Nb6 15. gxf5+ exf5 16. Rg1 Qe7 17. Bd2 Kh6 18. Qg3 Kg6 19. Qh4 Rh8 20. Qxh8 Qxe5+ 21. dxe5 1-0

[Event "DSOL 2021"]
[Site "Germany"]
[Date "2021.03.05"]
[Round "5.4"]
[White "Stark, Amalia"]
[Black "Jasarevic, Izudin"]
[Result "1-0"]
[WhiteElo "1620"]
[BlackElo "1620"]
[Annotator "NA RC"]
[PlyCount "27"]
[EventDate "2021.01.18"]
[EventType "team-tourn"]
[EventCountry "GER"]
[SourceTitle "playchess.com"]
[Source "ChessBase"]
[SourceQuality "1"]
[WhiteTeam "SC Ansbach"]
[BlackTeam "SC Moosburg"]

1. e4 d6 2. d4 Nd7 3. Nc3 g6 4. Bc4 Bg7 5. Be3 Ngf6 6. Nf3 O-O 7. O-O c6 8. e5 dxe5 9. dxe5 Ng4 10. e6 Nde5 11. Nxe5 Nxe5 12. exf7+ Nxf7 13. Qxd8 Re8 14. Qxe8+ 1-0

[Event "DSOL 2021"]
[Site "Germany"]
[Date "2021.03.04"]
[Round "5.4"]
[White "Kovacs, Michael"]
[Black "Luebeck, Wolfgang"]
[Result "1-0"]
[WhiteElo "1602"]
[BlackElo "1620"]
[Annotator "NA RC"]
[PlyCount "29"]
[EventDate "2021.01.18"]
[EventType "team-tourn"]
[EventCountry "GER"]
[SourceTitle "playchess.com"]
[Source "ChessBase"]
[SourceQuality "1"]

1. e4 d5 2. exd5 Nf6 3. Nf3 Nxd5 4. d4 Bg4 5. h3 Bh5 6. Bc4 Nb6 7. Bb3 e6 8. Nc3 Be7 9. g4 Bg6 10. h4 h6 11. Ne5 Bh7 12. Bf4 N8d7 13. Qe2 Bxh4 14. Nxf7 Kxf7 15. Qxe6+ 1-0

[Event "DSOL 2021"]
[Site "Germany"]
[Date "2021.03.01"]
[Round "5.4"]
[White "Oberling, Rudolf"]
[Black "Avshalumov, Alex"]
[Result "0-1"]
[WhiteElo "1591"]
[BlackElo "2475"]
[Annotator "TA"]
[PlyCount "124"]
[EventDate "2021.01.18"]
[EventType "team-tourn"]
[EventCountry "GER"]
[SourceTitle "playchess.com"]
[Source "ChessBase"]
[SourceQuality "1"]

1. e4 d6 2. d4 Nf6 3. Nc3 c6 4. Nf3 Nbd7 5. e5 Nd5 6. Nxd5 cxd5 7. e6 fxe6 8. Ng5 Nf6 9. Bb5+ Bd7 10. Nxe6 Qc8 11. Qe2 Bxb5 12. Qxb5+ Kf7 13. Ng5+ Kg8 14. Qe2 Qf5 15. O-O e5 16. Nf3 Re8 17. Be3 a6 18. c4 exd4 19. Nxd4 Qe4 20. Rfe1 dxc4 21. Qxc4+ d5 22. Qc3 Qg6 23. Nf3 Bd6 24. Bd4 Rf8 25. Bxf6 Rxf6 26. Ne5 Qf5 27. f3 h6 28. Rac1 b6 29. Qc8+ Kh7 30. Qxf5+ Rxf5 31. Nd3 Rhf8 32. Rc6 R8f6 33. Kf1 Bxh2 34. Rxf6 Rxf6 35. Re7 Kg6 36. Rd7 Rd6 37. Rxd6+ Bxd6 38. Ke2 h5 39. b3 Kf5 40. Ke3 Bc5+ 41. Ke2 g5 42. a4 a5 43. Kf1 g4 44. fxg4+ hxg4 45. Ke2 Ke4 46. Kd2 Be3+ 47. Ke2 Kd4 48. g3 Ke4 49. b4 axb4 50. Nxb4 Bd4 51. Kf1 Be5 52. Kg2 d4 53. Kf2 d3 54. Nc6 Bd4+ 55. Ke1 Bc3+ 56. Kf2 Kd5 57. Ne7+ Kc4 58. Ke3 Bf6 59. Nf5 Bg5+ 60. Kf2 Kc3 61. Nd6 d2 62. Ke2 Kc2 0-1

[Event "DSOL 2021"]
[Site "Germany"]
[Date "2021.03.03"]
[Round "5.4"]
[White "Kieselbach, Marvin"]
[Black "Zimmermann, Andre"]
[Result "0-1"]
[WhiteElo "1579"]
[BlackElo "2099"]
[Annotator "TA"]
[PlyCount "40"]
[EventDate "2021.01.18"]
[EventType "team-tourn"]
[EventCountry "GER"]
[SourceTitle "playchess.com"]
[Source "ChessBase"]
[SourceQuality "1"]

1. e4 e6 2. d4 d5 3. exd5 exd5 4. Bd3 Bd6 5. c3 Nf6 6. Bg5 O-O 7. Ne2 Re8 8. O-O Bxh2+ 9. Kh1 Bd6 10. Qc2 h6 11. Bh4 g5 12. Bg3 Ne4 13. Bxd6 Qxd6 14. Nd2 f5 15. c4 Nc6 16. cxd5 Nb4 17. Nxe4 fxe4 18. Qd2 Nxd3 19. Nc3 Bf5 20. g4 Bxg4 0-1

[Event "DSOL 2021"]
[Site "Germany"]
[Date "2021.03.03"]
[Round "5.4"]
[White "Hilpert, Falk"]
[Black "Wagner, Bernd"]
[Result "1-0"]
[WhiteElo "1568"]
[BlackElo "1749"]
[Annotator "NA RC"]
[PlyCount "83"]
[EventDate "2021.01.18"]
[EventType "team-tourn"]
[EventCountry "GER"]
[SourceTitle "playchess.com"]
[Source "ChessBase"]
[SourceQuality "1"]

1. d4 b6 2. Bf4 Nf6 3. e3 Bb7 4. c4 e6 5. Nf3 Nh5 6. Bg5 Be7 7. Bxe7 Qxe7 8. Nc3 O-O 9. Be2 Nf6 10. O-O d6 11. d5 Nbd7 12. e4 Rfe8 13. Nd4 Rac8 14. Qd2 exd5 15. exd5 Ne4 16. Nxe4 Qxe4 17. Rae1 Qh4 18. Bf3 Ne5 19. Be2 a6 20. b3 Rcd8 21. Nf3 Nxf3+ 22. Bxf3 Bc8 23. g3 Qf6 24. Bg2 Kf8 25. b4 Bd7 26. a3 Rxe1 27. Rxe1 Re8 28. Rxe8+ Bxe8 29. Qe3 Qa1+ 30. Bf1 Bd7 31. g4 Bxg4 32. Qg5 Bd7 33. Qd8+ Be8 34. Qxc7 Qe5 35. Qxb6 Qg5+ 36. Kh1 Qe5 37. Qe3 Qa1 38. Kg2 Qa2 39. Qg3 Ke7 40. Qg5+ Kd7 41. c5 Qxa3 42. c6+ 1-0

[Event "DSOL 2021"]
[Site "Germany"]
[Date "2021.03.04"]
[Round "5.4"]
[White "Eichhorn, Robin"]
[Black "Derwiesh, Willi"]
[Result "0-1"]
[WhiteElo "1566"]
[BlackElo "2033"]
[Annotator "TA"]
[PlyCount "106"]
[EventDate "2021.01.18"]
[EventType "team-tourn"]
[EventCountry "GER"]
[SourceTitle "playchess.com"]
[Source "ChessBase"]
[SourceQuality "1"]

1. e4 c6 2. d4 d5 3. exd5 cxd5 4. Nf3 Nc6 5. Be2 Nf6 6. Bf4 Bg4 7. c3 e6 8. Nbd2 Be7 9. O-O O-O 10. h3 Bh5 11. Re1 Rc8 12. Ne5 Bxe2 13. Qxe2 Nxe5 14. Bxe5 Qb6 15. Rab1 a5 16. a3 a4 17. Qd1 Qa6 18. Re3 Nd7 19. Qg4 f6 20. Bf4 f5 21. Qg3 Rf6 22. Nf3 Rg6 23. Qh2 Qb5 24. h4 h6 25. h5 Rg4 26. Rxe6 Bxa3 27. Ree1 Bxb2 28. Bc1 a3 29. Bxb2 axb2 30. Qd6 Re4 31. Rxe4 dxe4 32. Nh4 Nf8 33. Ng6 Qd3 34. Rxb2 Qd1+ 35. Kh2 Qxh5+ 36. Kg1 Qxg6 37. Qd5+ Qe6 38. Qxb7 Rxc3 39. d5 Rc1+ 40. Kh2 Qe5+ 41. g3 Rc7 42. Qb3 Rd7 43. Rd2 Kh7 44. Qa3 Ng6 45. d6 f4 46. Kg2 e3 47. fxe3 fxe3 48. Re2 Qe4+ 49. Kg1 Qc6 50. Qxe3 Qxd6 51. Kg2 Qd5+ 52. Kh2 Re7 53. Qf2 Qh5+ 0-1

[Event "DSOL 2021"]
[Site "Germany"]
[Date "2021.03.04"]
[Round "5.4"]
[White "Du Plessis, Anika"]
[Black "Rudolph, Lukas"]
[Result "0-1"]
[WhiteElo "1541"]
[BlackElo "1864"]
[Annotator "NA RC"]
[PlyCount "44"]
[EventDate "2021.01.18"]
[EventType "team-tourn"]
[EventCountry "GER"]
[SourceTitle "playchess.com"]
[Source "ChessBase"]
[SourceQuality "1"]

1. e4 d5 2. exd5 Qxd5 3. Nc3 Qa5 4. d4 c6 5. Nf3 Nf6 6. Be2 Bf5 7. O-O e6 8. Bg5 Nbd7 9. Qd2 Bb4 10. a3 Bxc3 11. bxc3 Ne4 12. Qf4 h6 13. Bh4 g5 14. Bxg5 hxg5 15. Nxg5 Nxg5 16. Qxg5 Qd8 17. Qg7 Qf6 18. Qg3 Ke7 19. Bf3 Rag8 20. Qc7 Bxc2 21. Kh1 Rh4 22. Qxb7 Qf4 0-1

[Event "DSOL 2021"]
[Site "Germany"]
[Date "2021.03.03"]
[Round "5.4"]
[White "Jacob, Phil"]
[Black "Fischer, Maxi"]
[Result "1/2-1/2"]
[WhiteElo "1448"]
[BlackElo "1579"]
[Annotator "NA RC"]
[PlyCount "124"]
[EventDate "2021.01.18"]
[EventType "team-tourn"]
[EventCountry "GER"]
[SourceTitle "playchess.com"]
[Source "ChessBase"]
[SourceQuality "1"]

1. d4 d5 2. Bf4 Nf6 3. e3 Bf5 4. Bd3 Bg6 5. c4 c6 6. cxd5 Nxd5 7. Bg3 e6 8. a3 Qb6 9. b4 a5 10. Bxg6 hxg6 11. Qa4 Nd7 12. Nf3 Qa6 13. Qxa5 Qxa5 14. bxa5 Rxa5 15. O-O Be7 16. Nfd2 O-O 17. Nc4 Ra4 18. Nd6 Bxd6 19. Bxd6 Rfa8 20. Rc1 N7b6 21. Nc3 Nxc3 22. Rxc3 Nd5 23. Rb3 f5 24. Rxb7 Nc3 25. Rc7 Nb5 26. Rxc6 Nxd6 27. Rxd6 Rxa3 28. Rxa3 Rxa3 29. h3 Kf7 30. Rd7+ Kf6 31. g3 g5 32. Kg2 Rd3 33. Kf3 Rd2 34. Rd8 g4+ 35. hxg4 fxg4+ 36. Kg2 Kf5 37. Rf8+ Kg6 38. Rf4 Kg5 39. Re4 Kf5 40. Re5+ Kf6 41. Rh5 Kg6 42. Rh2 Kg5 43. Kf1 Kf5 44. Rh5+ Kg6 45. Rc5 Kf6 46. Ke1 Ra2 47. e4 Ra4 48. e5+ Kf5 49. Rc7 Rxd4 50. Rxg7 Kxe5 51. Rg5+ Kf6 52. Rg8 Ke5 53. Ke2 Ra4 54. f3 Ra2+ 55. Ke3 Ra3+ 56. Kf2 gxf3 57. Rg4 Kd5 58. Rf4 Ke5 59. Rb4 Kf5 60. Rf4+ Ke5 61. Rxf3 Rxf3+ 62. Kxf3 Kf5 1/2-1/2

[Event "DSOL 2021"]
[Site "Germany"]
[Date "2021.03.02"]
[Round "5.4"]
[White "Vassiliou, Leander"]
[Black "Zoellner, Bente"]
[Result "0-1"]
[WhiteElo "1429"]
[BlackElo "1614"]
[Annotator "NA RC"]
[PlyCount "90"]
[EventDate "2021.01.18"]
[EventType "team-tourn"]
[EventCountry "GER"]
[SourceTitle "playchess.com"]
[Source "ChessBase"]
[SourceQuality "1"]

1. e4 c5 2. Nf3 Nc6 3. d4 cxd4 4. Nxd4 Nf6 5. Nc3 e5 6. Nf3 Bb4 7. Bd3 d5 8. Bd2 Bxc3 9. Bxc3 dxe4 10. Bxe4 Qxd1+ 11. Rxd1 Nxe4 12. Bxe5 Nxe5 13. Nxe5 O-O 14. O-O Be6 15. Rfe1 Nf6 16. h3 Rad8 17. Nf3 Nd5 18. a3 Rd7 19. Ne5 Rc7 20. c4 Nf6 21. b3 b5 22. cxb5 Bxb3 23. Rb1 Bd5 24. a4 Rb8 25. Nc6 Bxc6 26. bxc6 Rxb1 27. Rxb1 Kf8 28. Rb8+ Ke7 29. Rb7 Rxb7 30. cxb7 Nd7 31. a5 Kd6 32. f4 Kc7 33. a6 Kb6 34. Kf2 Kxa6 35. b8=Q Nxb8 36. Ke3 Kb5 37. Kd2 Kb4 38. Kc1 a5 39. g4 a4 40. Kb1 Nc6 41. h4 a3 42. h5 Nd4 43. g5 Kb3 44. h6 a2+ 45. Ka1 Nc2# 0-1